Escrita con sangre : historia de la violencia en América Latina: siglos XIX y XX /

Una de las imágenes más extendidas respecto de América Latina, es su condición de región estructuralmente sacudida por diferentes manifestaciones de violencia. Desde la violencia estructural ejercida por las clases dominantes hasta la lucha guerrillera, pasando por las conductas criminales, las viol...

Full description

Bibliographic Details
Other Authors: Goicovic Donoso, Igor (comp.)
Format: Libro
Language:Spanish
Published: Santiago, Chile Ceibo Ediciones 2013
Series:Ensayo 6
Subjects:
Online Access:

MARC

LEADER 00000cam a2200000 a 4500
001 004438
003 UAHC_CL
005 20170803120037.0
008 151113s2013 cl 000 spa
020 |a 9789569071522 
040 |a UAHC_CL  |c UAHC_CL  |d UAHC_CL 
082 0 4 |a 303.6098  |b E74  |2 21 
245 1 0 |a Escrita con sangre :  |b historia de la violencia en América Latina: siglos XIX y XX /  |c Igor Goicovic ... [et al.] (compiladores). 
260 |b Ceibo Ediciones  |a Santiago, Chile  |c 2013 
300 |a 366 p. 
490 0 |a Ensayo  |v 6 
520 |a Una de las imágenes más extendidas respecto de América Latina, es su condición de región estructuralmente sacudida por diferentes manifestaciones de violencia. Desde la violencia estructural ejercida por las clases dominantes hasta la lucha guerrillera, pasando por las conductas criminales, las violencias domésticas e interpersonales. Esta imagen requiere de un ejercicio de actualización con un énfasis en el estudio de los procesos históricos. Es lo que se ha pretendido con los trabajos que forman parte de esta compilación, colocando el acento en los conflictos sociales y políticos que tensionan a las clases y sujetos sociales: la violencia se develará como una condición recurrente y como un concepto polisémico. 
650 4 |a VIOLENCIA  |z AMERICA LATINA 
653 |a LICENCIATURA EN HISTORIA 
700 1 |a Goicovic Donoso, Igor  |e comp. 
900 |a 303.6098 ESC 
942 |c BK 
952 |0 0  |1 0  |4 0  |6 303_609800000000000_ESC  |7 0  |8 General  |9 10035  |a BC  |b BC  |c General  |d 2017-08-03  |l 0  |o 303.6098 ESC  |p 1430540  |r 2026-01-13 00:00:00  |t 1  |w 2017-08-03  |y BK 
952 |0 0  |1 0  |4 0  |6 303_609800000000000_ESC  |7 0  |8 General  |9 10036  |a BC  |b BC  |c General  |d 2017-08-03  |l 2  |o 303.6098 ESC  |p 1431003  |r 2026-01-13 00:00:00  |s 2020-12-18  |t 2  |w 2017-08-03  |y BK 
999 |c 4438  |d 4438